|
|
|
|
| LEADER |
02179nam a2200325 a 4500 |
| 001 |
00025354 |
| 008 |
120606s2002 ii 000 0 eng |
| 020 |
|
|
|a 0333937406
|
| 020 |
|
|
|a 0333931980
|
| 040 |
|
|
|a BD-DhAAL
|c BD-DhAAL
|
| 082 |
0 |
0 |
|a 153.8
|2 20
|
| 999 |
|
|
|c 12389
|d 12389
|
| 999 |
|
|
|c 12389
|
| 100 |
1 |
|
|a Khera, Shiv
|9 15780
|
| 245 |
1 |
0 |
|a You can win :
|b winners don't do different things they do things differently : a step by step tool for top achievers /
|c Shiv Khera
|
| 260 |
|
|
|a New Delhi, India :
|b Macmillan,
|c 2002.
|
| 300 |
|
|
|a xii, 290 p. ;
|c 22 cm.
|
| 500 |
|
|
|a International Best Seller Over 500000 Copies Sold in two languages.
|
| 541 |
|
|
|e 00025354
|
| 650 |
|
0 |
|a Motivation (Psychology)
|9 14386
|
| 650 |
|
0 |
|a Success.
|9 15781
|
| 650 |
|
0 |
|a Attitude (Psychology)
|9 15782
|
| 852 |
1 |
|
|a Ayesha Abed Library
|c General shelf.
|
| 942 |
|
|
|2 ddc
|c BK
|
| 952 |
|
|
|0 0
|1 4
|2 ddc
|4 0
|6 153_800000000000000_KHE
|7 0
|9 20488
|a BRACUL
|b BRACUL
|c GEN
|d 2012-06-13
|e Development Book Agency
|g 150.00
|l 1
|m 7
|o 153.8 KHE
|p 3010025354
|r 2012-10-23
|s 2012-08-30
|t 1
|w 2012-06-13
|y BK
|x Koha Inventory 2020
|
| 952 |
|
|
|0 0
|1 2
|2 ddc
|4 0
|6 153_800000000000000_KHE
|7 0
|9 20489
|a BRACUL
|b BRACUL
|c GEN
|d 2012-06-13
|e Development Book Agency
|g 130.00
|l 2
|m 23
|o 153.8 KHE
|p 3010025355
|q 2017-04-11
|r 2013-04-21
|s 2013-04-21
|t 2
|w 2012-06-13
|y BK
|
| 952 |
|
|
|0 0
|1 0
|2 ddc
|4 0
|6 153_800000000000000_KHE
|7 0
|9 20490
|a BRACUL
|b BRACUL
|c GEN
|d 2012-06-13
|e Development Book Agency
|g 130.00
|l 25
|m 193
|o 153.8 KHE
|p 3010025356
|r 2026-05-13
|s 2025-12-10
|t 3
|w 2012-06-13
|y BK
|
| 952 |
|
|
|0 0
|1 3
|2 ddc
|4 0
|6 153_800000000000000_KHE
|7 0
|9 20491
|a BRACUL
|b BRACUL
|c GEN
|d 2012-06-13
|e Development Book Agency
|g 150.00
|l 6
|m 51
|o 153.8 KHE
|p 3010025357
|r 2017-05-16
|s 2016-01-18
|t 4
|w 2012-06-13
|y BK
|x lost and cost paid by ID-14205019 BDT-1560 for Two Books Acc-14073 and 25357 (Date-16/05/2017)
|
| 952 |
|
|
|0 0
|1 0
|2 ddc
|4 0
|6 153_800000000000000_KHE
|7 0
|9 20492
|a BRACUL
|b BRACUL
|c GEN
|d 2012-06-13
|e Development Book Agency
|g 130.00
|l 4
|m 45
|o 153.8 KHE
|p 3010025358
|q 2017-12-24
|r 2014-05-26
|s 2014-05-26
|t 5
|w 2012-06-13
|y BK
|
| 952 |
|
|
|0 0
|1 0
|2 ddc
|4 0
|6 153_800000000000000_KHE
|7 0
|9 56475
|a SCL
|b SCL
|c GEN
|d 2015-10-28
|g 590.00
|l 7
|m 32
|o 153.8 KHE
|p 3020008222
|r 2023-02-05
|s 2023-02-01
|t 6
|w 2015-10-28
|y BK
|